000
00298nam a22001337a 4500
008
171017b xxu||||| |||| 00| 0 eng d
020
_a
0030133319
041
_a
eng
080
_a
331.101.262
100
_a
52
101
_a
BNJ
245
_a
BEHAVIORAL RESEARCH
_c
KERLINGER,F.N
942
_2
udc
_c
BK
999
_c
34283
_d
34283